[Event "Guimaraes Open 2018"]
[Site "Guimaraes"]
[Date "2018.10.06"]
[Round "3"]
[White "Cimpean, Andra"]
[Black "Saran Vikash Velumani"]
[Result "1-0"]
[WhiteElo "1867"]
[BlackElo "1464"]
[Annotator "NA RC"]
[PlyCount "179"]
[EventDate "2018.10.04"]
[EventType "swiss"]
[EventCountry "POR"]
[SourceTitle "playchess.com"]
[Source "ChessBase"]
[SourceQuality "1"]
[TimeControl "5400+30"]

1. e4 {[%emt 0:00:00]} e5 {[%emt 0:01:42]} 2. Nf3 {[%emt 0:00:00]} Nf6 {[%emt 0:00:49]} 3. Nxe5 {[%emt 0:00:48]} d6 {[%emt 0:00:19]} 4. Nf3 {[%emt 0:00:08]} Nxe4 {[%emt 0:00:00]} 5. d3 {[%emt 0:00:00]} Nf6 {[%emt 0:00:02]} 6. d4 {[%emt 0:00:00]} d5 {[%emt 0:00:16]} 7. Be2 {[%emt 0:01:17]} Bd6 {[%emt 0:04:15]} 8. O-O {[%emt 0:00:13]} h6 {[%emt 0:01:17]} 9. Re1 {[%emt 0:01:15]} O-O {[%emt 0:00:09]} 10. Nbd2 {[%emt 0:00:53]} Bf5 {[%emt 0:00:40]} 11. Nf1 {[%emt 0:00:46]} c6 {[%emt 0:00:59]} 12. Ng3 {[%emt 0:02:12]} Bh7 {[%emt 0:03:20]} 13. Bd3 {[%emt 0:01:15]} Na6 {[%emt 0:04:08]} 14. c3 {[%emt 0:01:54]} Nc7 {[%emt 0:00:19]} 15. Nf5 {[%emt 0:00:22]} Ne6 {[%emt 0:06:06]} 16. Nxd6 {[%emt 0:00:58]} Qxd6 {[%emt 0:00:07]} 17. Ne5 {[%emt 0:06:22]} Bxd3 {[%emt 0:01:10]} 18. Qxd3 {[%emt 0:00:19]} a5 {[%emt 0:06:17]} 19. Qf3 {[%emt 0:04:36]} Ne4 {[%emt 0:05:40]} 20. Qg4 {[%emt 0:05:07]} f5 {[%emt 0:08:20]} 21. Qe2 {[%emt 0:03:47]} f4 {[%emt 0:02:56]} 22. f3 {[%emt 0:00:56]} N4g5 {[%emt 0:01:26]} 23. h4 {[%emt 0:01:15]} Nf7 {[%emt 0:13:05]} 24. Nxc6 {[%emt 0:02:40]} Rae8 {[%emt 0:03:27]} 25. Ne5 {[%emt 0:01:38]} Nxe5 26. Qxe5 {[%emt 0:15:22]} Qd8 {[%emt 0:08:15]} 27. Bd2 {[%emt 0:06:40]} Ng5 {[%emt 0:06:40]} 28. hxg5 {[%emt 0:04:23]} Rxe5 {[%emt 0:00:14]} 29. Rxe5 {[%emt 0:00:11]} hxg5 {[%emt 0:01:19]} 30. Rae1 {[%emt 0:01:44]} b5 {[%emt 0:02:59]} 31. Re7 {[%emt 0:07:22]} Kh7 {[%emt 0:04:34]} 32. R1e5 {[%emt 0:02:57]} Kg6 {[%emt 0:00:19]} 33. R5e6+ {[%emt 0:06:12]} Rf6 {[%emt 0:00:00]} 34. Re5 {[%emt 0:00:39]} Qc8 {[%emt 0:01:17]} 35. Rxd5 {[%emt 0:03:37]} Re6 {[%emt 0:00:39]} 36. Re5 {[%emt 0:01:34]} Rxe7 {[%emt 0:01:09]} 37. Rxe7 {[%emt 0:00:05]} Qc4 {[%emt 0:00:28]} 38. Re5 {[%emt 0:05:14]} Qxa2 {[%emt 0:01:43]} 39. Rxb5 {[%emt 0:00:35]} Qb1+ {[%emt 0:00:29]} 40. Kf2 {[%emt 0:00:54]} a4 {[%emt 0:00:18]} 41. Rb4 {[%emt 0:01:02]} Qd3 {[%emt 0:04:27]} 42. Ke1 {[%emt 0:01:38]} Qa6 {[%emt 0:00:47]} 43. d5 {[%emt 0:01:12]} a3 {[%emt 0:01:03]} 44. bxa3 {[%emt 0:00:18]} Qxa3 {[%emt 0:00:03]} 45. d6 {[%emt 0:01:22]} Qa1+ {[%emt 0:01:19]} 46. Kf2 {[%emt 0:00:52]} Qd1 {[%emt 0:00:16]} 47. Rd4 {[%emt 0:00:10]} g4 {[%emt 0:02:02]} 48. fxg4 {[%emt 0:00:31]} Qxg4 {[%emt 0:00:14]} 49. Bxf4 {[%emt 0:04:55]} Qd7 {[%emt 0:00:21]} 50. c4 {[%emt 0:02:09]} Qa7 {[%emt 0:02:48]} 51. Be3 {[%emt 0:00:20]} Qd7 {[%emt 0:00:32]} 52. g4 {[%emt 0:01:27]} Qf7+ {[%emt 0:02:49]} 53. Ke2 {[%emt 0:01:53]} Qd7 {[%emt 0:00:25]} 54. c5 {[%emt 0:01:06]} Qb5+ {[%emt 0:00:13]} 55. Rd3 {[%emt 0:00:16]} Qb2+ {[%emt 0:00:13]} 56. Rd2 {[%emt 0:01:13]} Qb5+ {[%emt 0:00:06]} 57. Kf2 {[%emt 0:00:32]} Qd7 {[%emt 0:00:07]} 58. Kg3 {[%emt 0:00:42]} Qe6 {[%emt 0:00:34]} 59. Kf3 {[%emt 0:00:33]} Qf7+ {[%emt 0:00:16]} 60. Kg3 {[%emt 0:01:03]} Qe6 {[%emt 0:00:06]} 61. Kf3 {[%emt 0:00:18]} Qf7+ {[%emt 0:00:12]} 62. Kg2 {[%emt 0:00:44]} Qb7+ {[%emt 0:00:10]} 63. Kg3 {[%emt 0:00:25]} Qe4 {[%emt 0:00:13]} 64. Re2 {[%emt 0:00:33]} Qe5+ {[%emt 0:00:30]} 65. Kf3 {[%emt 0:00:27]} Qf6+ {[%emt 0:00:26]} 66. Kg2 {[%emt 0:00:27]} Qe5 {[%emt 0:00:10]} 67. Kf2 {[%emt 0:00:39]} Qh2+ {[%emt 0:00:17]} 68. Ke1 {[%emt 0:00:30]} Qh1+ {[%emt 0:00:08]} 69. Kd2 {[%emt 0:00:20]} Qd5+ {[%emt 0:00:05]} 70. Kc3 {[%emt 0:00:17]} Qe5+ {[%emt 0:00:16]} 71. Kd3 {[%emt 0:00:13]} Qd5+ {[%emt 0:00:35]} 72. Bd4 {[%emt 0:00:38]} Qb3+ {[%emt 0:00:12]} 73. Kd2 {[%emt 0:00:31]} Qb4+ {[%emt 0:00:23]} 74. Ke3 {[%emt 0:00:20]} Qb3+ {[%emt 0:00:14]} 75. Ke4 {[%emt 0:00:26]} Qe6+ {[%emt 0:00:03]} 76. Kf3 {[%emt 0:00:19]} Qb3+ {[%emt 0:01:11]} 77. Kf2 {[%emt 0:00:50]} Qd5 {[%emt 0:00:22]} 78. Be3 {[%emt 0:00:47]} Qf7+ {[%emt 0:00:10]} 79. Kg3 {[%emt 0:00:33]} Qd5 {[%emt 0:00:37]} 80. Rd2 {[%emt 0:00:47]} Qe5+ {[%emt 0:00:05]} 81. Kf3 {[%emt 0:00:10]} Qf6+ {[%emt 0:00:06]} 82. Ke2 {[%emt 0:00:10]} Qh4 {[%emt 0:01:03]} 83. Rd4 {[%emt 0:00:16]} Qh2+ {[%emt 0:00:26]} 84. Kd3 {[%emt 0:00:13]} Qg2 {[%emt 0:02:01]} 85. d7 {[%emt 0:00:31]} Qf1+ {[%emt 0:00:03]} 86. Kc3 {[%emt 0:01:11]} Qe1+ {[%emt 0:00:13]} 87. Bd2 {[%emt 0:00:52]} Qa1+ {[%emt 0:00:04]} 88. Kd3 {[%emt 0:00:14]} Qa3+ {[%emt 0:00:07]} 89. Bc3 {[%emt 0:00:35]} Qa6+ {[%emt 0:00:07]} 90. Rc4 {[%emt 0:00:47]} 1-0

[Event "Guimaraes Open 2018"]
[Site "Guimaraes"]
[Date "2018.10.06"]
[Round "3"]
[White "Silva, Pedro Gil Ferreira "]
[Black "Sarabando, Rodrigo Andias"]
[Result "1-0"]
[WhiteElo "1837"]
[BlackElo "1462"]
[Annotator "NA RC"]
[PlyCount "93"]
[EventDate "2018.10.04"]
[EventType "swiss"]
[EventCountry "POR"]
[SourceTitle "playchess.com"]
[Source "ChessBase"]
[SourceQuality "1"]
[TimeControl "5400+30"]

1. e4 {[%emt 0:00:00]} c5 {[%emt 0:02:27]} 2. Nf3 {[%emt 0:00:00]} e6 {[%emt 0:01:11]} 3. d4 {[%emt 0:00:08]} cxd4 {[%emt 0:00:59]} 4. Nxd4 {[%emt 0:00:21]} Nc6 {[%emt 0:00:55]} 5. Nc3 {[%emt 0:00:45]} a6 {[%emt 0:00:51]} 6. g3 {[%emt 0:00:31]} Qc7 {[%emt 0:01:03]} 7. Bg2 {[%emt 0:00:27]} Be7 {[%emt 0:00:25]} 8. O-O {[%emt 0:00:50]} Nf6 {[%emt 0:00:34]} 9. Re1 {[%emt 0:01:25]} d6 {[%emt 0:01:01]} 10. Nxc6 {[%emt 0:00:47]} bxc6 {[%emt 0:00:48]} 11. e5 {[%emt 0:00:55]} dxe5 {[%emt 0:02:43]} 12. Rxe5 {[%emt 0:01:58]} O-O {[%emt 0:02:04]} 13. Bf4 {[%emt 0:10:24]} Bd6 {[%emt 0:03:50]} 14. Rxe6 {[%emt 0:05:26]} Bxf4 {[%emt 0:15:43]} 15. Rxc6 {[%emt 0:01:36]} Qe7 {[%emt 0:01:07]} 16. Rxf6 {[%emt 0:13:15]} Qxf6 {[%emt 0:01:34]} 17. Bxa8 {[%emt 0:00:15]} Be5 {[%emt 0:00:40]} 18. Qf3 {[%emt 0:01:11]} Qb6 {[%emt 0:01:41]} 19. Na4 {[%emt 0:11:45]} Qd4 {[%emt 0:15:20]} 20. Qe4 {[%emt 0:06:18]} Bd7 {[%emt 0:06:51]} 21. Nc3 {[%emt 0:01:39]} Qc5 {[%emt 0:05:41]} 22. Qd5 {[%emt 0:03:21]} Qc7 {[%emt 0:02:28]} 23. Qb7 {[%emt 0:09:11]} Qxb7 {[%emt 0:08:23]} 24. Bxb7 {[%emt 0:01:37]} Rb8 {[%emt 0:02:30]} 25. Bxa6 {[%emt 0:00:46]} h6 {[%emt 0:04:24]} 26. Re1 {[%emt 0:11:36]} Bf6 {[%emt 0:02:17]} 27. Ne4 {[%emt 0:08:33]} Rxb2 {[%emt 0:01:07]} 28. Nxf6+ {[%emt 0:02:31]} gxf6 {[%emt 0:00:02]} 29. Bc4 {[%emt 0:00:45]} Bc6 {[%emt 0:01:37]} 30. Bb3 {[%emt 0:00:17]} Kg7 {[%emt 0:00:33]} 31. f4 {[%emt 0:00:10]} Kf8 {[%emt 0:01:11]} 32. Kf2 {[%emt 0:00:04]} f5 {[%emt 0:00:15]} 33. Ke3 {[%emt 0:00:03]} Be4 {[%emt 0:00:41]} 34. Kd2 {[%emt 0:00:12]} Bxc2 {[%emt 0:00:46]} 35. Bxc2 {[%emt 0:00:04]} Rxa2 {[%emt 0:00:48]} 36. Re5 {[%emt 0:00:04]} Ra1 {[%emt 0:00:54]} 37. Rxf5 {[%emt 0:00:16]} Rh1 {[%emt 0:00:24]} 38. Rh5 {[%emt 0:00:16]} Kg7 {[%emt 0:00:23]} 39. Be4 {[%emt 0:00:44]} Ra1 {[%emt 0:00:36]} 40. Ke2 {[%emt 0:00:54]} Ra3 {[%emt 0:00:26]} 41. Rc5 {[%emt 0:00:40]} Rb3 {[%emt 0:00:46]} 42. Rc7 {[%emt 0:00:21]} Rb2+ {[%emt 0:00:27]} 43. Kf3 {[%emt 0:00:31]} Rb8 {[%emt 0:01:03]} 44. Bd5 {[%emt 0:00:07]} Rf8 {[%emt 0:00:11]} 45. Rxf7+ {[%emt 0:00:04]} Rxf7 {[%emt 0:00:16]} 46. Bxf7 {[%emt 0:00:04]} Kxf7 {[%emt 0:00:11]} 47. Kg4 {[%emt 0:00:07]} 1-0

[Event "Guimaraes Open 2018"]
[Site "Guimaraes"]
[Date "2018.10.06"]
[Round "3"]
[White "Guimaraes, Alvaro Jose Esperan"]
[Black "Lopes, Pedro Afonso Pinto"]
[Result "1-0"]
[WhiteElo "1801"]
[BlackElo "1457"]
[Annotator "NA RC"]
[PlyCount "99"]
[EventDate "2018.10.04"]
[EventType "swiss"]
[EventCountry "POR"]
[SourceTitle "playchess.com"]
[Source "ChessBase"]
[SourceQuality "1"]
[TimeControl "5400+30"]

1. g3 {[%emt 0:09:18]} d5 {[%emt 0:00:00]} 2. Bg2 {[%emt 0:00:06]} Nf6 {[%emt 0:00:00]} 3. d3 {[%emt 0:00:08]} e5 {[%emt 0:00:45]} 4. c4 {[%emt 0:00:19]} c6 {[%emt 0:00:38]} 5. cxd5 {[%emt 0:00:14]} cxd5 {[%emt 0:00:21]} 6. Nf3 {[%emt 0:00:25]} Nc6 {[%emt 0:00:47]} 7. O-O {[%emt 0:00:08]} Be7 {[%emt 0:01:26]} 8. a3 {[%emt 0:00:35]} O-O {[%emt 0:00:24]} 9. Bg5 {[%emt 0:00:19]} Be6 {[%emt 0:01:29]} 10. Nc3 {[%emt 0:00:12]} d4 {[%emt 0:06:25]} 11. Bxf6 {[%emt 0:01:22]} Bxf6 {[%emt 0:00:11]} 12. Ne4 {[%emt 0:00:10]} Be7 {[%emt 0:00:52]} 13. Rc1 {[%emt 0:00:24]} Rb8 {[%emt 0:03:34]} 14. b4 {[%emt 0:00:16]} a6 {[%emt 0:01:42]} 15. Nc5 {[%emt 0:03:47]} Bd5 {[%emt 0:01:28]} 16. Nd2 {[%emt 0:02:34]} f5 {[%emt 0:06:20]} 17. Bxd5+ {[%emt 0:01:12]} Qxd5 {[%emt 0:00:11]} 18. Qb3 {[%emt 0:00:11]} Qxb3 {[%emt 0:05:40]} 19. Ndxb3 {[%emt 0:00:02]} Rfe8 {[%emt 0:02:38]} 20. Rc4 {[%emt 0:03:12]} b5 {[%emt 0:10:07]} 21. Rc2 {[%emt 0:00:21]} Rec8 {[%emt 0:04:20]} 22. Rfc1 Bg5 {[%emt 0:04:42]} 23. Nxa6 {[%emt 0:01:44]} Rb6 {[%emt 0:01:05]} 24. Nac5 {[%emt 0:00:48]} Bxc1 {[%emt 0:00:26]} 25. Rxc1 {[%emt 0:00:27]} Ne7 {[%emt 0:01:39]} 26. e4 {[%emt 0:03:27]} fxe4 {[%emt 0:04:01]} 27. dxe4 {[%emt 0:00:15]} Rbc6 {[%emt 0:03:55]} 28. Rd1 {[%emt 0:02:03]} R8c7 {[%emt 0:01:03]} 29. f4 {[%emt 0:02:28]} Ng6 {[%emt 0:00:41]} 30. f5 {[%emt 0:03:23]} Nf8 {[%emt 0:00:46]} 31. Kf2 {[%emt 0:00:40]} Nd7 {[%emt 0:00:32]} 32. Ke2 {[%emt 0:07:31]} Nxc5 {[%emt 0:00:18]} 33. Nxc5 {[%emt 0:00:02]} Ra7 {[%emt 0:01:07]} 34. Ra1 Rc8 {[%emt 0:00:18]} 35. Nb3 {[%emt 0:11:25]} Rc2+ {[%emt 0:00:47]} 36. Nd2 {[%emt 0:00:55]} Rc3 {[%emt 0:01:21]} 37. Nb1 {[%emt 0:05:05]} Rb3 {[%emt 0:01:07]} 38. Kf2 {[%emt 0:00:39]} Rxb4 {[%emt 0:04:38]} 39. Nd2 {[%emt 0:00:02]} Rba4 {[%emt 0:01:41]} 40. Rb1 {[%emt 0:01:55]} b4 {[%emt 0:03:30]} 41. axb4 {[%emt 0:00:20]} Rb7 {[%emt 0:00:45]} 42. b5 {[%emt 0:00:28]} Ra5 {[%emt 0:01:03]} 43. b6 {[%emt 0:00:11]} Rc5 {[%emt 0:00:05]} 44. Rb4 {[%emt 0:00:30]} Kf7 {[%emt 0:02:01]} 45. g4 {[%emt 0:01:19]} Ke7 {[%emt 0:00:28]} 46. g5 {[%emt 0:00:56]} Kd6 {[%emt 0:05:34]} 47. Kf3 {[%emt 0:00:50]} Kc6 {[%emt 0:00:28]} 48. Nc4 {[%emt 0:00:06]} Rb5 {[%emt 0:02:43]} 49. Rxb5 {[%emt 0:00:04]} Kxb5 {[%emt 0:03:24]} 50. Nd6+ {[%emt 0:00:02]} 1-0

[Event "Guimaraes Open 2018"]
[Site "Guimaraes"]
[Date "2018.10.06"]
[Round "3"]
[White "Martinez Ferreira, Oscar"]
[Black "Barroso, Simao Oliveira Alvi"]
[Result "1-0"]
[WhiteElo "1752"]
[BlackElo "1570"]
[Annotator "NA RC"]
[PlyCount "103"]
[EventDate "2018.10.04"]
[EventType "swiss"]
[EventCountry "POR"]
[SourceTitle "playchess.com"]
[Source "ChessBase"]
[SourceQuality "1"]
[TimeControl "5400+30"]

1. d4 {[%emt 0:00:00]} Nf6 {[%emt 0:00:00]} 2. c4 {[%emt 0:00:23]} e5 {[%emt 0:00:00]} 3. dxe5 {[%emt 0:00:08]} Ng4 {[%emt 0:00:03]} 4. Nf3 {[%emt 0:00:11]} Nc6 {[%emt 0:00:18]} 5. Nc3 {[%emt 0:00:21]} Ngxe5 {[%emt 0:02:05]} 6. e3 {[%emt 0:02:00]} Bb4 {[%emt 0:01:34]} 7. Bd2 {[%emt 0:00:22]} d6 {[%emt 0:01:05]} 8. a3 {[%emt 0:00:57]} Ba5 {[%emt 0:00:05]} 9. Nxe5 {[%emt 0:05:47]} Nxe5 {[%emt 0:00:06]} 10. Qa4+ {[%emt 0:00:10]} Nc6 {[%emt 0:00:15]} 11. b4 {[%emt 0:00:15]} Bb6 {[%emt 0:00:14]} 12. Nd5 {[%emt 0:00:44]} Bd7 {[%emt 0:00:37]} 13. Nxb6 {[%emt 0:01:07]} axb6 {[%emt 0:00:13]} 14. Qc2 {[%emt 0:00:21]} Qg5 {[%emt 0:07:54]} 15. g3 {[%emt 0:04:28]} O-O {[%emt 0:01:14]} 16. Bg2 {[%emt 0:00:04]} Ra7 {[%emt 0:04:22]} 17. O-O Re8 18. Bc3 {[%emt 0:08:54]} Qg6 {[%emt 0:03:06]} 19. Qxg6 {[%emt 0:01:42]} hxg6 {[%emt 0:00:01]} 20. Bb2 {[%emt 0:00:21]} Ne5 {[%emt 0:00:27]} 21. Bxe5 {[%emt 0:01:50]} Rxe5 {[%emt 0:00:21]} 22. Rfc1 {[%emt 0:01:04]} Bc6 {[%emt 0:00:38]} 23. Rc3 {[%emt 0:01:12]} Bxg2 {[%emt 0:03:42]} 24. Kxg2 {[%emt 0:00:04]} f5 {[%emt 0:00:07]} 25. h4 {[%emt 0:00:17]} Kf7 {[%emt 0:00:08]} 26. Rd1 {[%emt 0:01:56]} Ke6 {[%emt 0:07:04]} 27. f4 {[%emt 0:04:07]} Re4 {[%emt 0:00:10]} 28. Rd4 {[%emt 0:00:05]} c6 {[%emt 0:01:25]} 29. Rcd3 {[%emt 0:00:50]} Rxd4 {[%emt 0:00:53]} 30. exd4 {[%emt 0:00:06]} d5 {[%emt 0:00:24]} 31. Re3+ {[%emt 0:00:53]} Kd6 {[%emt 0:00:36]} 32. c5+ {[%emt 0:00:11]} bxc5 {[%emt 0:01:02]} 33. dxc5+ {[%emt 0:01:18]} Kd7 {[%emt 0:00:12]} 34. Kf3 {[%emt 0:00:13]} Ra8 {[%emt 0:00:43]} 35. Ke2 {[%emt 0:06:02]} Re8 {[%emt 0:04:30]} 36. Rxe8 {[%emt 0:00:13]} Kxe8 {[%emt 0:00:02]} 37. Kd3 {[%emt 0:00:04]} Kd7 {[%emt 0:00:06]} 38. Kd4 {[%emt 0:00:07]} Kc7 {[%emt 0:00:07]} 39. a4 {[%emt 0:00:28]} Kb8 {[%emt 0:00:08]} 40. b5 {[%emt 0:01:50]} Ka7 {[%emt 0:00:14]} 41. Ke5 {[%emt 0:00:29]} Kb8 {[%emt 0:00:13]} 42. b6 {[%emt 0:05:33]} Kc8 {[%emt 0:00:18]} 43. a5 {[%emt 0:00:04]} Kd7 {[%emt 0:00:44]} 44. h5 {[%emt 0:00:05]} gxh5 {[%emt 0:00:12]} 45. Kxf5 {[%emt 0:00:06]} g6+ {[%emt 0:00:08]} 46. Ke5 {[%emt 0:03:21]} Kc8 {[%emt 0:00:42]} 47. f5 {[%emt 0:00:14]} gxf5 {[%emt 0:00:15]} 48. Kxf5 {[%emt 0:00:09]} Kd7 {[%emt 0:00:14]} 49. Kg5 {[%emt 0:00:15]} Kc8 {[%emt 0:00:35]} 50. Kxh5 {[%emt 0:00:16]} d4 {[%emt 0:00:09]} 51. Kg4 {[%emt 0:00:11]} d3 {[%emt 0:00:06]} 52. Kf3 {[%emt 0:00:06]} 1-0

[Event "Guimaraes Open 2018"]
[Site "Guimaraes"]
[Date "2018.10.06"]
[Round "3"]
[White "Martins, Manuel Jose Lopes"]
[Black "Dias, Ivo Rodrigues"]
[Result "0-1"]
[WhiteElo "1751"]
[BlackElo "2174"]
[Annotator "TA"]
[PlyCount "50"]
[EventDate "2018.10.04"]
[EventType "swiss"]
[EventCountry "POR"]
[SourceTitle "playchess.com"]
[Source "ChessBase"]
[SourceQuality "1"]

{[%evp 10,50,31,3,1,0,-3,-19,-12,-29,-24,-10,-28,-33,-34,-25,-21,-50,-74,-85,-12,-35,-32,-12,0,-51,-41,-54,-63,-52,-49,-189,-184,-395,-152,-275,-273,-455,-234,-232,-219,-600,-606]} 1. e4 c5 2. Nf3 e6 3. d4 cxd4 4. Nxd4 a6 5. Be2 Nf6 6. Nd2 Qc7 {B41: Sicilian: Kan Variation: 5 c4} (6... d5 7. exd5 exd5 8. O-O Bd6 9. N2f3 h6 10. Bd3 O-O 11. Nf5 Bxf5 12. Bxf5 Nc6 13. Be3 Re8 14. Re1 {0-1 (40) Campora,D (2538)-Khamrakulov,I (2515) Villa de Deifontes 2005}) 7. O-O Be7 8. f4 $146 ({Predecessor:} 8. c3 O-O 9. Bd3 d6 10. N2f3 b5 11. Bg5 Nbd7 12. a4 bxa4 13. Qxa4 Bb7 14. Qc2 {1-0 (48) Chigarev,V (1829)-Shustov,D (1595) Kirov 2014}) 8... d6 {The position is equal.} 9. Kh1 O-O 10. Bd3 Nbd7 11. c3 b5 12. Qe2 Bb7 13. Re1 Nc5 14. Bc2 Rfe8 (14... e5 $17 15. Nf5 Rfe8) 15. e5 $11 Nfd7 16. N2f3 g6 17. exd6 (17. h4 $11) 17... Bxd6 $15 18. Ne5 Rac8 19. Bd2 Nf6 20. Nd3 (20. a4 $15) 20... Nxd3 $19 21. Bxd3 $2 {[#]} (21. Qxd3 {is the only way for White.} Nh5 22. Nf3) 21... Nd5 $2 (21... e5 $19 {is more deadly.} 22. Nb3 exf4) 22. f5 (22. Be4 $17 {was necessary.}) 22... e5 ({Less strong is} 22... Bxh2 23. fxe6 fxe6 24. Be4 $17 (24. Nxe6 Qg3 $17)) ({Not} 22... gxf5 23. Bxf5 exf5 24. Qxe8+ Rxe8 25. Rxe8+ Kg7 26. Nxf5+ Kg6 27. Nxd6 $17) 23. Bh6 $2 (23. Ne6 fxe6 24. fxg6) 23... Re7 (23... Bf8 $142 24. Bxf8 Nf4) 24. f6 Nxf6 25. Qf2 $2 {[#]} (25. Nf5 gxf5 26. Bxf5) 25... Ng4 {Precision: White = 38%, Black = 55%.} 0-1

[Event "Guimaraes Open 2018"]
[Site "Guimaraes"]
[Date "2018.10.06"]
[Round "3"]
[White "Santos, Jose Miguel Sereno"]
[Black "Guimaraes, Rui Pinto"]
[Result "0-1"]
[WhiteElo "1706"]
[BlackElo "2143"]
[Annotator "TA"]
[PlyCount "108"]
[EventDate "2018.10.04"]
[EventType "swiss"]
[EventCountry "POR"]
[SourceTitle "playchess.com"]
[Source "ChessBase"]
[SourceQuality "1"]

{[%evp 26,108,0,-7,23,0,9,0,0,0,0,0,0,0,0,0,0,-2,0,0,0,-23,0,-15,-10,-25,-6,-35,-24,-41,-42,-49,-63,-58,-41,-63,-43,-50,-37,-41,-9,-18,-15,-37,0,-42,-6,-61,-53,-66,-41,-77,-72,-110,-18,-18,-18,-25,-39,-39,0,0,0,0,0,0,0,0,0,0,0,-54,0,0,0,0,0,0,0,0,0,0,0,0,0]} 1. e4 c5 2. Nf3 d6 3. Bb5+ Bd7 4. Bxd7+ Qxd7 5. O-O Nf6 6. Re1 Nc6 7. c3 e6 8. d4 d5 9. e5 Ne4 10. Nbd2 Nxd2 11. Bxd2 cxd4 12. cxd4 Be7 13. Rc1 O-O 14. Qb3 {LiveBook: 13 Games. B52: Sicilian: Moscow Variation with 3...Bd7} (14. Rc3 Rfc8 15. h4 Bd8 16. Rd3 Qc7 17. Ng5 h6 18. Nh3 Ne7 19. Bc3 b5 20. Nf4 Nf5 21. Qg4 Bxh4 22. Nh5 {½-½ (52) Nakamura,H (2769)-Grischuk,A (2766) Paris 2018}) 14... f6 15. Qe3 Rae8 16. Bc3 $146 ({Predecessor:} 16. a3 fxe5 17. Nxe5 Nxe5 18. Qxe5 Bf6 19. Qe3 Qa4 20. Bc3 Rf7 {0-1 (28) Martinez Fernandez,R (1726)-Cerrato Torrijos,M (1877) Padron 2008}) 16... fxe5 17. Nxe5 Nxe5 18. Qxe5 Bd6 19. Qe2 Rf6 20. Rf1 Ref8 21. Rce1 Qf7 22. Bd2 Rg6 23. f4 Qf5 24. Rf3 Qc2 25. Be3 Qe4 26. Qf2 Qf5 27. Rf1 Rc8 {aiming for ...Rc2.} 28. Rc1 Rxc1+ 29. Bxc1 Rf6 30. a3 Qb1 31. Qe3 Qc2 32. Qd2 Qa4 33. Qc3 Qc4 34. Qe3 b5 35. g3 Bc7 (35... e5 $5) 36. Qc3 ({White should try} 36. b3 $11 Qc2 37. Rf2) 36... Bb6 $15 37. Rd3 Rf8 38. Bd2 Rc8 39. Kg2 {[#]} Rc7 (39... Ba5 $1 $17 {[%cal Ra5c3][%mdl 512]} 40. b4 (40. Qxa5 Qxd3) 40... Bb6) 40. b3 $11 Qc6 41. Qxc6 Rxc6 {[%mdl 4096] Endgame KRB-KRB} 42. Rc3 Rd6 43. Rc8+ Kf7 44. Bb4 Rd8 45. Rxd8 Bxd8 {KB-KB} 46. Bc5 a6 47. Kf3 g5 48. b4 (48. Bd6 $11) 48... Kg6 (48... gxf4 $15 49. Kxf4 Bc7+ 50. Ke3 Kg6) 49. Bd6 $1 {The position is equal.} Kf5 50. h3 gxf4 51. Bxf4 Bf6 52. Ke3 h5 53. Bd6 Bd8 54. Kf3 a5 {[%mdl 32768] Precision: White = 39%, Black = 42%. . Loss on Time!?} 0-1

[Event "Guimaraes Open 2018"]
[Site "Guimaraes"]
[Date "2018.10.06"]
[Round "3"]
[White "Ribeiro, Gustavo Martins San"]
[Black "Barbosa, Paulo Jorge Pereira"]
[Result "0-1"]
[WhiteElo "1467"]
[BlackElo "1982"]
[Annotator "NA RC"]
[PlyCount "72"]
[EventDate "2018.10.04"]
[EventType "swiss"]
[EventCountry "POR"]
[SourceTitle "playchess.com"]
[Source "ChessBase"]
[SourceQuality "1"]
[TimeControl "5400+30"]

1. e4 c5 2. Nf3 g6 3. c3 {[%emt 0:03:55]} d5 {[%emt 0:00:34]} 4. exd5 {[%emt 0:00:23]} Qxd5 {[%emt 0:00:01]} 5. d4 {[%emt 0:00:09]} Nf6 {[%emt 0:01:53]} 6. Be3 {[%emt 0:00:37]} cxd4 {[%emt 0:01:03]} 7. cxd4 {[%emt 0:02:16]} Bg7 {[%emt 0:00:21]} 8. Nc3 {[%emt 0:00:21]} Qa5 {[%emt 0:00:37]} 9. Bc4 {[%emt 0:00:26]} O-O {[%emt 0:00:34]} 10. O-O {[%emt 0:00:13]} a6 {[%emt 0:06:54]} 11. Ne5 {[%emt 0:05:07]} e6 {[%emt 0:05:10]} 12. g4 {[%emt 0:03:11]} b5 {[%emt 0:01:20]} 13. Bb3 Bb7 14. h4 {[%emt 0:02:22]} Nbd7 {[%emt 0:05:52]} 15. f4 {[%emt 0:00:53]} Nxe5 {[%emt 0:00:55]} 16. fxe5 {[%emt 0:00:17]} Nd5 {[%emt 0:02:08]} 17. Nxd5 {[%emt 0:00:22]} Bxd5 {[%emt 0:00:18]} 18. Bxd5 {[%emt 0:00:09]} exd5 {[%emt 0:00:06]} 19. Qf3 {[%emt 0:00:07]} Qd8 {[%emt 0:05:52]} 20. Bg5 Qd7 21. Kh2 {[%emt 0:07:00]} Rac8 {[%emt 0:01:15]} 22. Rac1 {[%emt 0:00:36]} Qe6 {[%emt 0:03:58]} 23. Bf6 {[%emt 0:01:23]} Bxf6 {[%emt 0:07:43]} 24. exf6 {[%emt 0:00:08]} Qd6+ {[%emt 0:08:45]} 25. Qg3 {[%emt 0:03:28]} Qb4 {[%emt 0:01:05]} 26. Qf2 {[%emt 0:00:46]} Qd6+ {[%emt 0:05:41]} 27. Qg3 {[%emt 0:00:15]} Qb4 {[%emt 0:01:16]} 28. Qf2 {[%emt 0:02:11]} Rfe8 {[%emt 0:01:53]} 29. Rfe1 {[%emt 0:02:19]} Qd6+ {[%emt 0:03:25]} 30. Qg3 {[%emt 0:00:45]} Qxf6 {[%emt 0:00:12]} 31. Rxc8 {[%emt 0:02:17]} Rxc8 {[%emt 0:00:17]} 32. Rd1 {[%emt 0:01:10]} Rc2+ {[%emt 0:00:39]} 33. Kh3 {[%emt 0:00:01]} h5 {[%emt 0:02:06]} 34. Rb1 {[%emt 0:02:42]} Rf2 {[%emt 0:03:29]} 35. Qe5 {[%emt 0:04:25]} Qf3+ {[%emt 0:00:14]} 36. Qg3 {[%emt 0:00:09]} hxg4# {[%emt 0:00:39]} 0-1